Yupanaki / (Record no. 28347)

MARC details
000 -LEADER
fixed length control field 00572nam a22002177a 4500
001 - CONTROL NUMBER
control field sjds
003 - CONTROL NUMBER IDENTIFIER
control field sjds
005 - DATE AND TIME OF LATEST TRANSACTION
control field 20230918085321.0
008 - FIXED-LENGTH DATA ELEMENTS--GENERAL INFORMATION
fixed length control field 230918b |||||||| |||| 00| 0 spa d
020 ## - INTERNATIONAL STANDARD BOOK NUMBER
International Standard Book Number 9788430519163
020 ## - INTERNATIONAL STANDARD BOOK NUMBER
International Standard Book Number 8430519165
040 ## - CATALOGING SOURCE
Transcribing agency sjds
041 ## - LANGUAGE CODE
Language code of text/sound track or separate title spa
100 ## - MAIN ENTRY--PERSONAL NAME
Personal name Gonzalez Estrada, Joaquin.
245 ## - TITLE STATEMENT
Title Yupanaki /
Remainder of title Joaquin Gonzalez Estrada, Pilar Calero
260 ## - PUBLICATION, DISTRIBUTION, ETC. (IMPRINT)
Place of publication, distribution, etc. Madrid :
Name of publisher, distributor, etc. Susaeta,
Date of publication, distribution, etc. 1990
300 ## - PHYSICAL DESCRIPTION
Extent 73 pages :
Other physical details illustrations ;
Dimensions 19 cm
440 ## - SERIES STATEMENT/ADDED ENTRY--TITLE
Title Coleccion Las Campanas ;
Number of part/section of a work 89
700 1# - ADDED ENTRY--PERSONAL NAME
Personal name Calero, Pilar.
942 ## - ADDED ENTRY ELEMENTS (KOHA)
Koha item type Libro/Book
Holdings
Withdrawn status Lost status Damaged status Not for loan Home library Current library Date acquired Inventory number Total Checkouts Full call number Barcode Checked out Date last seen Date checked out Price effective from Koha item type
        San Juan Del Sur -- Mobile Ostional 18/09/2023 Inventory date: 27-2-25 4 JF 33017416 21/04/2026 17/03/2026 17/03/2026 18/09/2023 Libro/Book

Powered by Koha